Ministro de muerte (Registro nro. 18263)

Detalles MARC
000 -CABECERA
Longitud fija campo de control 00689nam a22002177a 4500
003 - IDENTIFICADOR DELl NÚMERO DE CONTROL
Identificador del número de control OSt
005 - FECHA Y HORA DE LA ÚLTIMA TRANSACCIÓN
Fecha y hora de la última transacción 20150306171343.0
008 - CÓDIGOS DE INFORMACIÓN DE LONGITUD FIJA
Códigos de información de longitud fija 150206b xxu||||| |||| 00| 0 eng d
040 ## - FUENTE DE LA CATALOGACIÓN
Centro transcriptor BMC
082 ## - NÚMERO DE LA CLASIFICACIÓN DECIMAL DEWEY
Númeroo de clasificación 923.594053
100 1# - PUNTO DE ACCESO PRINCIPAL-NOMBRE DE PERSONA
9 (RLIN) 31293
Nombre de persona Reynolds, Quentin James
Fechas asociadas al nombre 1902-1965
245 10 - MENCIÓN DE TÍTULO
Título Ministro de muerte
Resto del título : la historia de Adolf Eichmann
Mención de responsabilidad, etc. Quentin Reynolds, Ephraim Ktz, Zwy Aldouby ; traductor, Andrés Ma. Mateo
250 ## - MENCIÓN DE EDICIÓN
Mención de edición 1ª ed
260 ## - PUBLICACIÓN, DISTRIBUCIÓN, ETC. (PIE DE IMPRENTA)
Lugar de publicación, distribución, etc. México D.F.
Nombre del editor, distribuidor, etc. Diana
Fecha de publicación, distribución, etc. 1961
300 ## - DESCRIPCIÓN FÍSICA
Extensión VIII, 229 p.
Dimensiones 20 cm
600 24 - PUNTO DE ACCESO ADICIONAL DE MATERIA - NOMBRE DE PERSONA
9 (RLIN) 31290
Nombre de persona Eichmann, Adolf
Fechas asociadas al nombre 1906-1962
700 1# - PUNTO DE ACCESO ADICIONAL - NOMBRE DE PERSONA
9 (RLIN) 31292
Nombre de persona Katz, Ephraim
700 1# - PUNTO DE ACCESO ADICIONAL - NOMBRE DE PERSONA
9 (RLIN) 31291
Nombre de persona Aldouby, Zwy
700 1# - PUNTO DE ACCESO ADICIONAL - NOMBRE DE PERSONA
9 (RLIN) 3476
Nombre de persona Mateo, Andrés M.
942 ## - ENTRADA DE ELEMENTOS AGREGADOS (KOHA)
Fuente de clasificaión o esquema Dewey Decimal Classification
Koha [por defecto] tipo de item 1- Monografias
Existencias
Suprimido Perdido Fuente de clasificación o esquema Estropeado Restricciones de uso No para préstamo Código de colección Localización permanente Localización actual Localización en estanter&íacute;as Fecha adquisición Fuente de adquisición Número de inventario Préstamos totales Signatura completa Código de barras Fecha última consulta Coste, precio reemplazado Fecha del precio de reemplazo Tipo de item de Koha
NULL NULL Dewey Decimal Classification NULL Prestable NULL NULL Biblioteca Miguel de Cervantes - UNICAES Biblioteca Miguel de Cervantes - UNICAES Sala Principal 02/07/2005 Donación - Romeo Tovar Astorga 027856   923.5 REY min 1028266 10/02/2015 18.00 10/02/2015 1- Monografias